000 01269nab a2200217 i 4500
001 768714001
003 CO-MdFUSB
005 20240506120332.0
008 240503t1966 sp ||||| |||| 00| 0 spa d
040 _bspa
_cCO-MdFUSB
_dCO-MdFUSB
041 _aspa
100 _aFessard, Gaston,
_eautor
245 4 _aLas estructuras teológicas en el ateísmo marxista
_c/ Gaston Fessard
520 _aEl ateísmo marxista puede considerarse el apogeo de la búsqueda de narrativas bíblicas. Este aspecto de las paradojas revela una verdad profunda. Al menos si vemos en el marxismo no tanto el primer análisis científico del capitalismo, que interesa a los historiadores de la economía política, sino más bien la semilla de una cosmovisión. Gracias a Lenin, esta cosmovisión creó en la Rusia soviética el comunismo, una "religión secular" como la llamó Raymond Aron, así como el nazismo, que también surgió del liberalismo.
650 7 _aFe
_9531
650 0 _aCristianismo y ateísmo.
_91246
653 _aMarxismo
773 0 _049450
_982574
_oR2506
_tRevista internacional de teología Concilium
_w(CO-MdFUSB)8
_x0210-1041
_gNúmero 16, (junio, 1966), páginas: 190 - 207
_qpágina: 190
942 _cANA
945 _aCatherine Arias Álvarez practicante SENA
999 _c69498
_d69498